| 000 | 03526nam0a2200457 4500 | ||
|---|---|---|---|
| 001 | RU\NLR\BIBL_A\011271377 | ||
| 005 | 20250626034605.0 | ||
| 020 |
_aRU _9От Февраля к Октябрю: коллекция листовок/Рос. нац. б-ка |
||
| 035 | _a(NLR Aleph) 011271377 | ||
| 090 |
_a10819520 _c10819520 |
||
| 100 | _a20161114d1917 |||y0rusy50 ca | ||
| 101 | 0 | _arus | |
| 102 | _aRU | ||
| 105 | _ay z 000yy | ||
| 135 | _acrcn 024anada | ||
| 200 | 1 |
_aГраждане! Давно мы нуждались в местном самоуправлении. И вот, наконец, революция даровала нам всем необходимое, новое, общественное учреждение - Волостное земство... _e[листовка] |
|
| 210 |
_a[Ярославль, Ярославская губ.] _cТиполитография Губ. зем. управы _d[1917,авг., до 29] |
||
| 215 |
_a[1] л. _d36х27 |
||
| 300 | _aПод текстом: Граждане! Мы предлагаем голосовать за лиц, означенных в прилагаемом при сем списке, составленном от Общественного собрания | ||
| 300 | _aКоллекция листовок "От Февраля к Октябрю" (1 экз.) | ||
| 325 | 1 | _aКопия доступна в Электронной библиотеке РНБ | |
| 327 | 1 | _aО выборах в Волостное земство в Ярославской губернии | |
| 517 | 1 | _aДавно мы нуждались в местном самоуправлении. И вот, наконец, революция даровала нам всем необходимое, новое, общественное учреждение - Волостное земство... | |
| 517 | 1 | _aИ вот, наконец, революция даровала нам всем необходимое, новое, общественное учреждение - Волостное земство.. | |
| 540 | 1 | _aГраждане! Мы предлагаем голосовать за лиц, означенных в прилагаемом при сем списке, составленном от Общественного собрания | |
| 540 | 1 | _aМы предлагаем голосовать за лиц, означенных в прилагаемом при сем списке, составленном от Общественного собрания | |
| 540 | 1 | _aО выборах в Волостное земство в Ярославской губернии | |
| 540 | 1 |
_aОт Февраля к Октябрю _eлистовки |
|
| 606 | 1 |
_aОрганы местного самоуправления _jЛистовки _xВыборы _z1917 _92277614 _3RU\NLR\AUTH\6601593246 |
|
| 607 |
_aРоссия _jЛистовки _xИстория _z1917 _92250871 _3RU\NLR\AUTH\661350120 |
||
| 686 | 0 | _aТ3(2)524.2,011 | |
| 686 | 0 | _aТ3(2)711.19-536,011 | |
| 686 | 1 | _aТ3(2Р-4Яр-2Я)711.1,011 | |
| 852 | 0 | 0 |
_aNLR _bФл _jXIV/176 |
| 942 | _cBOOK | ||
| 980 | _aNB | ||
| 981 | 4 | 2 |
_a(42) 1917: от Февраля к Октябрю _b(42) Листовки 1917 года |